000 00957cam a22002777i 4500
001 18407782
005 20260209092553.0
008 141216s2015 enka b 001 0 eng d
010 _a 2014959465
020 _a9781783470365
082 _a658.5 BER
100 1 _aBerliner, Daniel
245 1 0 _aLabor standards in international supply chains :
_baligning rights and Incentives /
_cDaniel Berliner et al.
264 1 _aCheltenham :
_bEdward Elgar Publishing,
_c2015.
300 _ax, 205 p. :
_bill. ;
_c25 cm.
650 0 _aBusiness logistics
_xEmployees
_vCross-cultural studies.
650 0 _aEmployee rights
_vCross-cultural studies.
650 0 _aWork environment
_vCross-cultural studies.
650 0 _aInternational business enterprises
_xManagement.
650 0 _aForeign trade and employment.
700 1 _aGreenleaf, Anne Regan
700 1 _aLake, Milli
700 1 _aLevi, Margaret
700 1 _aNoveck, Jennifer
942 _2ddc
_cBK
999 _c112057
_d112057